| 000 | 00471nam a2200169 i 4500 | ||
|---|---|---|---|
| 001 | 34460 | ||
| 003 | ES-MaACL | ||
| 007 | t| | ||
| 008 | 030207s1922 fr ||||1| fre d | ||
| 100 | 0 |
_aBloy, Léon, _d1846-1917 _929573 |
|
| 245 | 1 | 0 |
_aLettres a sa Fráncée / _cLéon Bloy. |
| 250 | _a4eme ed. | ||
| 260 |
_aParís : _bDelamain : _bBoutelleau, _c1922. |
||
| 300 |
_a142 p., 1 lám. ; _c18 cm. |
||
| 852 |
_aES-MaACL _jG-3201 |
||
| 999 |
_c34460 _d34460 |
||